Hey Sexy Lady - Shaggy Feat. Brian & Tony Gold - All Lyrics - Statistics

General Stats
  • This quiz has been taken 18 times
  • The average score is 194 of 321
Answer Stats
Answer % Correct
a
100%
baby)
100%
I
100%
lady,
100%
lady
100%
lady)
100%
(Lie)
100%
nah
100%
rahtid
100%
sexy
100%
(Sexy
100%
(Uh)
100%
(Uh
100%
uh)
100%
You
100%
you
100%
you)
100%
Hey
93%
like
93%
me
93%
me)
93%
your
87%
Your
87%
and
80%
And
80%
it
80%
(Oh)
80%
the
80%
(Whoa)
80%
(Wow)
80%
be
73%
of
73%
on
73%
(On
73%
on,
73%
put
73%
(Put
73%
can
67%
control
67%
for
67%
out
67%
Out
67%
body's
60%
flow
60%
(Flow)
60%
Got
60%
scream
60%
Scream
60%
to
60%
All
53%
all
53%
bang
53%
bangin',
53%
bangin'
53%
beg
53%
make
53%
more
53%
floor
47%
Only
47%
(Only
47%
so
47%
Her
40%
her
40%
is
40%
my
40%
no
40%
Ceiling
33%
(Ceiling
33%
Gal
33%
girl)
33%
(Hi)
33%
this
33%
till
33%
up
33%
When
33%
early
27%
Headboards
27%
it's
27%
mornin'
27%
Movin'
27%
neighbor's
27%
say
27%
wanna
27%
way
27%
we're
27%
appallin'
20%
brawlin'
20%
callin',
20%
down
20%
drive
20%
hers
20%
(Low)
20%
must
20%
noise
20%
She
20%
They
20%
was
20%
you're
20%
ain't
13%
bawlin'
13%
believe
13%
(By)
13%
catch
13%
choosin'
13%
clothes
13%
crawlin'
13%
crazy
13%
fallin'
13%
had
13%
knew
13%
left
13%
one
13%
size
13%
small,
13%
tall
13%
wall
13%
along
7%
burns
7%
extra
7%
glimpse
7%
how
7%
knees
7%
Performance
7%
really
7%
refusin'
7%
Rug
7%
shake,
7%
shake
7%
she’s
7%
snoozin'
7%
wiggly
7%
bruised
0%
Everytime
0%
fine,
0%
hooked
0%
jiggly
0%
passin'
0%
perfect
0%
song
0%
wicked
0%
write
0%
No matching quizzes found
Score Distribution
Percent of People with Each Score
Percentile by Number Answered
Your Score History
You have not taken this quiz